00969nam a2200241 a 4500001001000000003000500010005001700015008004100032010001100073011001100084040000900095100002700104245015400131260004100285500006000326502010700386650005800493650003800551650002400589650002800613856001600641856007000657000113281CHAP20220329144347.0170531s2017 mx sm |||||||spa d a109742 a110714 cCHAP1 aAguirre Retana, Carlos13aEl PESA como política pública para el desarrollo rural comunitario y las limitaciones del tejido socialh[En línea]cpor Carlos Aguirre Retana. aChapingo, Méx. :bEl autor,c2017. aPara ver el contenido del material haga clic en la liga aTesis (M. en Gestión del Desarrollo Rural) -- UACH. Dirección de Centros Regionales Universitarios14aAlimentaciónxProgramas de desarolloxEvaluación.14aDesarrollo de la comunidad rural.14aHuertos familiares.14aPolítica alimentaria. a1 n0000138 aFinding aiduhttp://10.13.5.2/tesis/sist113281.pdfzTeclea aquí